Рекомендованные изобретения, технические усовершенствования. 394-50: Ограничитель к сверлильно-долбежному станку для безразметочного сверления гнезд (Запись № 13630967)

Подробности
000 -МАРКЕР
контрольное поле 01584nam2a2200241 4500
001 - ИДЕНТИФИКАТОР ЗАПИСИ
контрольное поле rc\3056044
005 - ИДЕНТИФИКАТОР ВЕРСИИ
контрольное поле 20260315071420.0
035 ## - ДРУГИЕ СИСТЕМНЫЕ НОМЕРА
Идентификатор записи (NLR Aleph) 007209059
100 ## - ДАННЫЕ ОБЩЕЙ ОБРАБОТКИ
Данные общей обработки 20111011d1950 u y0rusy50 ca
101 0# - ЯЗЫК РЕСУРСА
Язык текста, звукозаписи и т.д. русский
102 ## - СТРАНА ПУБЛИКАЦИИ ИЛИ ПРОИЗВОДСТВА
Страна публикации Российская Федерация
105 ## - ПОЛЕ КОДИРОВАННЫХ ДАННЫХ: ТЕКСТОВЫЕ МАТЕРИАЛЫ, МОНОГРАФИЧЕСКИЕ
Кодированные данные о монографическом текстовом документе y z |||||
200 1# - ЗАГЛАВИЕ И СВЕДЕНИЯ ОБ ОТВЕТСТВЕННОСТИ
Основное заглавие Ограничитель к сверлильно-долбежному станку для безразметочного сверления гнезд
Первые сведения об ответственности Предложение Н.И. Гахова
210 ## - ПУБЛИКАЦИЯ, РАСПРОСТРАНЕНИЕ И ДР.
Дата издания, распространения и т.д. 1950
461 #0 - УРОВЕНЬ НАБОРА
Встроенное поле 001rc\3056011
-- 2001#$aРекомендованные изобретения, технические усовершенствования$eРИ-26-41-$fСССР. Нар. ком. по строительству. Техн. упр. бюро по изобретательству. Наркомстрой$v394-50
Системный номер (АБИС) связанной записи 7663011
Автор СССР. Министерство строительства предприятий металлургической и химической промышленности
Место публикации [Москва]
Дата публикации [1941]-[1957]
Первые сведения об ответственности СССР. Нар. ком. по строительству. Техн. упр. бюро по изобретательству. Наркомстрой
Имя издателя, распространителя и т.д. [Стройиздат]
Сведения, относящиеся к заглавию РИ-26-41-
Заглавие Рекомендованные изобретения, технические усовершенствования
Номер тома 394-50
700 #1 - ИМЯ ЛИЦА - ПЕРВИЧНАЯ ОТВЕТСТВЕННОСТЬ
Начальный элемент ввода Чарторийская
Часть имени, кроме начального элемента ввода П.Г.
702 #1 - ИМЯ ЛИЦА - ВТОРИЧНАЯ ОТВЕТСТВЕННОСТЬ
Начальный элемент ввода Гахов
Часть имени, кроме начального элемента ввода Н.И.
Код отношения Прочие
801 #0 - ИСТОЧНИК ЗАПИСИ
Страна Российская Федерация
Организация NLR
Правила каталогизации psbo
801 #1 - ИСТОЧНИК ЗАПИСИ
Страна Российская Федерация
Организация ELAR
Источник данных rusmarc
852 ## - МЕСТОНАХОЖДЕНИЕ И ШИФР ХРАНЕНИЯ
Идентификатор организации NLR
Шифр хранения (Call Number) Т80 Г-4/1206
942 ## - ДОПОЛНИТЕЛЬНЫЕ ЭЛЕМЕНТЫ ЗАПИСИ (АБИС)
Тип экземпляра АБИС Неопределено
980 ## - КОЛЛЕКЦИЯ
Название коллекции Национальная библиография

Нет доступных экземпляров.